|
|
|
|
| LEADER |
00000nam0a2200000 4500 |
| 001 |
286737 |
| 005 |
20231101235924.0 |
| 020 |
|
|
|a RU
|b 85-62281
|
| 035 |
|
|
|a (RuTPU)RU\TPU\book\311079
|
| 090 |
|
|
|a 286737
|
| 100 |
|
|
|a 20150310d1985 km y0rusy5003 ca
|
| 101 |
0 |
|
|a rus
|
| 102 |
|
|
|a RU
|
| 105 |
|
|
|a a z 000zy
|
| 200 |
1 |
|
|a Социалистическое искусство в борьбе за мир, гуманизм, социальный прогресс
|e международная выставка произведений художников социалистических стран
|f отв. ред. И. Б. Сорвина
|
| 210 |
|
|
|a Москва
|c Советский художник
|d 1985
|
| 215 |
|
|
|a 103 с.
|c ил.
|
| 225 |
1 |
|
|a 40 победных лет
|
| 606 |
1 |
|
|a Искусство
|x Музеи. Постоянные выставки
|2 stltpush
|3 (RuTPU)RU\TPU\subj\73448
|9 86449
|
| 610 |
1 |
|
|a изобразительное искусство
|
| 610 |
1 |
|
|a социалистические страны
|
| 610 |
1 |
|
|a выставки
|
| 610 |
1 |
|
|a Москва
|
| 610 |
1 |
|
|a Болгария
|
| 610 |
1 |
|
|a живопись
|
| 610 |
1 |
|
|a графика
|
| 610 |
1 |
|
|a скульптура
|
| 610 |
1 |
|
|a Вьетнам
|
| 610 |
1 |
|
|a Корейская Народно-Демократическая Республика
|
| 610 |
1 |
|
|a ГДР
|
| 610 |
1 |
|
|a Куба
|
| 610 |
1 |
|
|a Румыния
|
| 610 |
1 |
|
|a СССР
|
| 610 |
1 |
|
|a Чехословакия
|
| 610 |
1 |
|
|a каталоги
|
| 675 |
|
|
|a 7(069)
|z rus
|v 3
|
| 702 |
|
1 |
|a Сорвина
|b И. Б.
|4 340
|
| 801 |
|
0 |
|a RU
|b RuMRKP
|c 19950704
|g psbo
|
| 801 |
|
1 |
|a RU
|b 63413507
|c 20150310
|
| 801 |
|
2 |
|a RU
|b 63413507
|c 20180110
|g RCR
|
| 942 |
|
|
|c BK
|